000 00665nam a2200181Ia 4500
001 5581
003 GE_BSU
008 181216s||||||||xx |||||||||||||| ||und||
040 _cGE_BSU
080 _a378
100 _aПод ред. Дж Уиннери пер. с англ. Предисал Г.А. Ильной
245 _aКибернетика и педагогика. Новые тенденции в подходов к обучению инженерных кадров в США:
260 _aМир
260 _b1972.
300 _a190 с.26 см.
653 _aКибернетика и педагогика. Новые тенденции
942 _cBK
999 _c39054
_d39054